[Event "Pere Noel U1800"]
[Site "Montreal CAN"]
[Date "2016.12.28"]
[Round "3.6"]
[White "Yu, Xi Ming"]
[Black "Yergeau, Simon"]
[Result "1/2-1/2"]
[WhiteElo "1540"]
[BlackElo "1601"]
[PlyCount "129"]
[EventDate "2016.12.26"]
[EventType "swiss"]
[EventRounds "5"]
[EventCountry "CAN"]

1. e4 c5 2. Nf3 d6 3. d4 cxd4 4. Nxd4 Nf6 5. Nc3 a6 6. a4 Nc6 7. Be2 e6 8. O-O
Be7 9. Be3 O-O 10. f4 Qc7 11. Nxc6 bxc6 12. a5 Rb8 13. Bb6 Rxb6 14. axb6 Qxb6+
15. Kh1 Qxb2 16. Qd2 Qb6 17. Rfb1 Qc7 18. Bxa6 d5 19. exd5 Nxd5 20. Nxd5 cxd5
21. Qa5 Qxf4 22. Ra4 Qe5 23. Re1 Qd6 24. Bxc8 Rxc8 25. Qa6 Qxa6 26. Rxa6 Rxc2
27. Ra8+ Bf8 28. Kg1 g6 29. Rf1 Rc7 30. Ra6 Kg7 31. Kf2 Rd7 32. Ke2 Bd6 33. h3
Be5 34. Kd3 Rc7 35. Re1 Bf6 36. Rf1 Rc3+ 37. Kd2 Rc7 38. Rd6 Bc3+ 39. Kd3 d4
40. Rf2 Re7 41. Rc6 e5 42. g4 e4+ 43. Kc2 e3 44. Re2 Ra7 45. Rxc3 Ra2+ 46. Kd3
Rxe2 47. Kxd4 Re1 48. Rxe3 Rxe3 49. Kxe3 Kf6 50. Kf4 g5+ 51. Ke4 Ke6 52. Kd4 f5
53. gxf5+ Kxf5 54. Ke3 h5 55. Kf3 Ke5 56. Ke3 Kd5 57. Kd3 Ke5 58. Ke3 g4 59.
hxg4 hxg4 60. Kf2 Kf6 61. Kg3 Kg5 62. Kg2 Kf4 63. Kf2 g3+ 64. Kg2 Kg4 65. Kg1
1/2-1/2

[Event "Pere Noel U1800"]
[Site "Montreal CAN"]
[Date "2016.12.28"]
[Round "3.7"]
[White "Kozlov, Guennadi"]
[Black "Liu, Kevin"]
[Result "1-0"]
[WhiteElo "1736"]
[BlackElo "1373"]
[PlyCount "117"]
[EventDate "2016.12.26"]
[EventType "swiss"]
[EventRounds "5"]
[EventCountry "CAN"]

1. e4 c5 2. c3 d5 3. exd5 Qxd5 4. d4 cxd4 5. Nf3 Nf6 6. Nxd4 e5 7. Nb5 Qc6 8.
Be3 a6 9. Na7 Qd7 10. Nxc8 Qxc8 11. Qa4+ Nc6 12. Nd2 Nd5 13. Bg5 Bc5 14. Ne4 b5
15. Qb3 Nce7 16. Bxb5+ axb5 17. Qxb5+ Qc6 18. Qxc5 Qxc5 19. Nxc5 Rb8 20. O-O-O
f6 21. Be3 Ra8 22. a3 O-O 23. Kc2 Rfc8 24. Rd3 Nxe3+ 25. fxe3 Rxc5 26. Rhd1
Rcc8 27. Rd7 Nf5 28. R1d3 e4 29. Rd2 Nxe3+ 30. Kc1 Nf1 31. Re2 Nxh2 32. Rxe4
Rd8 33. Rxd8+ Rxd8 34. a4 Kf7 35. a5 Nf1 36. Re2 Ng3 37. Re1 Nf5 38. b4 Nd6 39.
Kc2 Re8 40. Rxe8 Kxe8 41. Kd3 Kd7 42. c4 Kc6 43. a6 g6 44. b5+ Kc7 45. Kd4 Nf5+
46. Kc5 Ne7 47. b6+ Kb8 48. Kd6 Nc8+ 49. Kc6 h5 50. c5 Ne7+ 51. Kd7 Nd5 52. Kd6
Nb4 53. a7+ Kb7 54. Ke6 f5 55. Kf6 f4 56. Kg5 Nc6 57. Kxf4 Nd4 58. Ke5 Nb3 59.
c6+ 1-0

[Event "Pere Noel U1800"]
[Site "Montreal CAN"]
[Date "2016.12.28"]
[Round "3.8"]
[White "Guan, Zi Yu"]
[Black "Guzman, Marcelo"]
[Result "1-0"]
[WhiteElo "1637"]
[BlackElo "1535"]
[PlyCount "61"]
[EventDate "2016.12.26"]
[EventType "swiss"]
[EventRounds "5"]
[EventCountry "CAN"]

1. e4 c6 2. d4 d5 3. exd5 cxd5 4. Nc3 Nf6 5. Nf3 Bg4 6. h3 Bxf3 7. Qxf3 e6 8.
Bd3 Nc6 9. Ne2 Bd6 10. c3 Qc7 11. Bg5 Be7 12. O-O h6 13. Bf4 Bd6 14. Bxd6 Qxd6
15. Ng3 O-O 16. Rfe1 Rfe8 17. b4 e5 18. Nf5 Qf8 19. dxe5 Nxe5 20. Qe3 Nxd3 21.
Qxd3 Rad8 22. Qd4 b6 23. Nxh6+ gxh6 24. Qxf6 Qg7 25. Rxe8+ Rxe8 26. Qc6 Rd8 27.
Rd1 Qg5 28. Qc7 Qf6 29. Qxa7 Qxc3 30. Qxb6 Re8 31. Rxd5 1-0

[Event "Pere Noel U1800"]
[Site "Montreal CAN"]
[Date "2016.12.28"]
[Round "3.9"]
[White "Sonn, Eric"]
[Black "Giroux, Gilbert"]
[Result "1-0"]
[WhiteElo "1536"]
[BlackElo "1632"]
[PlyCount "67"]
[EventDate "2016.12.26"]
[EventType "swiss"]
[EventRounds "5"]
[EventCountry "CAN"]

1. e4 c5 2. Nf3 a6 3. d4 cxd4 4. Nxd4 Nf6 5. e5 Qa5+ 6. Nc3 Qxe5+ 7. Be3 e6 8.
Bd3 d5 9. O-O Bb4 10. Nf3 Qc7 11. Ne2 O-O 12. Rc1 b5 13. a4 bxa4 14. c4 Qa5 15.
Nf4 Bb7 16. Ng5 dxc4 17. Rxc4 Qxg5 18. Rxb4 Bc6 19. f3 Qe5 20. Re1 Nbd7 21. Bd2
Qc5+ 22. Kh1 Ne5 23. Bc3 Nfd7 24. Be4 Rfd8 25. Qc2 Nf6 26. Bxh7+ Nxh7 27. Rxe5
Qe7 28. Re1 Rac8 29. Qf2 Qg5 30. Nh3 Qf5 31. Rg4 Nf6 32. Rg5 Qd3 33. Bxf6 g6
34. Qh4 1-0

[Event "Pere Noel U1800"]
[Site "Montreal CAN"]
[Date "2016.12.28"]
[Round "3.10"]
[White "Courtemanche, Sylvain"]
[Black "Charette, Nicolas"]
[Result "0-1"]
[WhiteElo "1484"]
[BlackElo "1591"]
[PlyCount "58"]
[EventDate "2016.12.26"]
[EventType "swiss"]
[EventRounds "5"]
[EventCountry "CAN"]

1. e4 e5 2. Nf3 Nc6 3. Bb5 a6 4. Ba4 Nf6 5. O-O b5 6. Bb3 Be7 7. Re1 O-O 8. h3
d5 9. exd5 Nxd5 10. Nxe5 Nxe5 11. Rxe5 c6 12. d4 Bd6 13. Re1 Qh4 14. Nc3 Bxh3
15. Re4 Bg4 16. Qxg4 Qh2+ 17. Kf1 Qh1+ 18. Ke2 Nf6 19. Qh3 Qg1 20. Rh4 Rae8+
21. Kf3 b4 22. Bg5 Qxa1 23. Bxf6 bxc3 24. Be5 Qd1+ 25. Kg3 Rxe5 26. dxe5 Bxe5+
27. f4 Qe1+ 28. Kh2 Bd4 29. Qd3 Qxh4+ 0-1

[Event "Pere Noel U1800"]
[Site "Montreal CAN"]
[Date "2016.12.28"]
[Round "3.11"]
[White "Richard, Leo"]
[Black "Milosz, Jerzy"]
[Result "1/2-1/2"]
[WhiteElo "1582"]
[BlackElo "1529"]
[PlyCount "82"]
[EventDate "2016.12.26"]
[EventType "swiss"]
[EventRounds "5"]
[EventCountry "CAN"]

1. e4 c6 2. d4 d5 3. Nc3 dxe4 4. Nxe4 Bf5 5. Ng3 Bg6 6. h4 h6 7. Nf3 Nd7 8. h5
Bh7 9. Bd3 Bxd3 10. Qxd3 e6 11. Bd2 Ngf6 12. O-O-O Qc7 13. Kb1 Bd6 14. Ne4 Nxe4
15. Qxe4 O-O-O 16. c4 Nf6 17. Qc2 c5 18. Bc3 Qe7 19. d5 Rhe8 20. Rhe1 Nxh5 21.
dxe6 fxe6 22. g4 Nf4 23. Rxd6 Rxd6 24. Be5 g5 25. Bxd6 Qxd6 26. Rd1 Qc7 27. Nd2
Rd8 28. Ne4 b6 29. Rh1 Qg7 30. Qc3 e5 31. Ng3 Rd3 32. Qc2 Qd7 33. Ne4 Qxg4 34.
Nf6 Qf3 35. Re1 Ne6 36. Nd5 Kb7 37. Qa4 Nc7 38. Nxc7 Kxc7 39. Qxa7+ Kc8 40.
Qa6+ Kc7 41. Qa7+ Kc8 1/2-1/2

[Event "Pere Noel U1800"]
[Site "Montreal CAN"]
[Date "2016.12.28"]
[Round "3.12"]
[White "Chang, Alexander RZ"]
[Black "Kay, Sang Kil"]
[Result "0-1"]
[WhiteElo "1393"]
[BlackElo "1565"]
[PlyCount "112"]
[EventDate "2016.12.26"]
[EventType "swiss"]
[EventRounds "5"]
[EventCountry "CAN"]

1. d4 g6 2. e4 Bg7 3. Nf3 d6 4. Bd3 Bg4 5. Be3 Nd7 6. O-O c5 7. c3 Qb6 8. Nbd2
Qxb2 9. Qb3 Qxb3 10. axb3 cxd4 11. cxd4 a6 12. Rfc1 Ngf6 13. h3 Bxf3 14. Nxf3
O-O 15. Rc7 b5 16. e5 dxe5 17. dxe5 Nxe5 18. Nxe5 Nd5 19. Rc5 Bxe5 20. Re1 Rfd8
21. Be4 e6 22. Bg5 f6 23. Bd2 Rac8 24. Rec1 Rxc5 25. Rxc5 Nc3 26. Rxe5 Rxd2 27.
Rxe6 Kf7 28. Rxa6 Nxe4 29. Rb6 Rd1+ 30. Kh2 Rd5 31. f3 Nd2 32. b4 Nf1+ 33. Kg1
Ne3 34. Kf2 Nc2 35. Ke2 Nxb4 36. Ke3 Rg5 37. Rb7+ Kg8 38. g4 Re5+ 39. Kd4 Nc6+
40. Kd3 g5 41. Rb6 Rc5 42. Ke4 Kf7 43. Rb7+ Kg6 44. f4 Rc4+ 45. Kd5 Nb4+ 46.
Ke6 Re4+ 47. Kd6 gxf4 48. Rc7 f3 49. Rc1 f2 50. Rf1 Nd3 51. Kd5 Re1 52. Rxf2
Re5+ 53. Kd4 Nxf2 54. Kc3 Rd5 55. Kb4 Nxh3 56. Kc3 Nf2 0-1

[Event "Pere Noel U1800"]
[Site "Montreal CAN"]
[Date "2016.12.28"]
[Round "3.13"]
[White "Lefebvre, Eugene"]
[Black "Craciun, David"]
[Result "0-1"]
[WhiteElo "1322"]
[BlackElo "1537"]
[PlyCount "124"]
[EventDate "2016.12.26"]
[EventType "swiss"]
[EventRounds "5"]
[EventCountry "CAN"]

1. e4 e5 2. Nf3 Nc6 3. Bb5 a6 4. Ba4 Nf6 5. d3 b5 6. Bb3 Be7 7. c3 O-O 8. O-O
d6 9. h3 Bb7 10. Re1 Na5 11. Bc2 c5 12. Nbd2 Re8 13. Nf1 Bf8 14. Bg5 g6 15. Qd2
Bg7 16. Bh6 Bh8 17. Bg5 Qd7 18. Ng3 Rac8 19. a4 Nc6 20. axb5 axb5 21. Bb3 Ra8
22. Nh2 Nd8 23. Bxf6 Bxf6 24. Ng4 Bg7 25. Qc2 Ne6 26. Ne2 Rf8 27. Ne3 Bc6 28.
Bd5 Rxa1 29. Rxa1 Bxd5 30. Nxd5 f5 31. b3 f4 32. f3 h5 33. Ra6 g5 34. Qa2 Rf7
35. Ra8+ Kh7 36. Qa6 g4 37. Qc8 g3 38. Qxd7 Rxd7 39. Ra1 Rd8 40. Kf1 Rc8 41.
Ke1 Nc7 42. Nxc7 Rxc7 43. c4 Rb7 44. Nc3 bxc4 45. bxc4 Rb3 46. Rc1 Rb2 47. Ne2
Bf8 48. Rd1 Be7 49. Rd2 Rb1+ 50. Rd1 Rb3 51. Nc1 Ra3 52. Ne2 Bd8 53. Kf1 Kg6
54. Ng1 h4 55. Ne2 Kf6 56. Ng1 Ke6 57. Ne2 Kd7 58. Ng1 Kc6 59. Ne2 Ba5 60. Ng1
Bb4 61. Ne2 Ra2 62. Ng1 Rf2# 0-1

[Event "Pere Noel U1800"]
[Site "Montreal CAN"]
[Date "2016.12.28"]
[Round "3.14"]
[White "Bergeron, Jean-Guy"]
[Black "Molloy, Francis"]
[Result "1-0"]
[WhiteElo "1518"]
[BlackElo "1536"]
[PlyCount "107"]
[EventDate "2016.12.26"]
[EventType "swiss"]
[EventRounds "5"]
[EventCountry "CAN"]

1. c4 Nf6 2. Nc3 e6 3. e4 d6 4. d4 Be7 5. Bd3 O-O 6. e5 dxe5 7. dxe5 Nfd7 8.
Qh5 g6 9. Qe2 Re8 10. Bh6 Bg5 11. Bxg5 Qxg5 12. Nf3 Qd8 13. O-O-O Nc6 14. h4 a6
15. Qe3 Qe7 16. h5 Qc5 17. hxg6 Qxe3+ 18. fxe3 fxg6 19. Ne4 Kg7 20. Nf6 Nxf6
21. exf6+ Kxf6 22. Rxh7 e5 23. Nh4 e4 24. Rf1+ Bf5 25. Nxf5 gxf5 26. Be2 Re7
27. Rh5 Re5 28. g4 Ne7 29. g5+ Kg6 30. Rg1 Rg8 31. Rh6+ Kg7 32. Bh5 Rh8 33.
Rxh8 Kxh8 34. Rh1 Kg7 35. Be8 Rc5 36. b3 b5 37. Rh6 bxc4 38. Rf6 cxb3+ 39. Kb2
Nd5 40. Rxf5 bxa2 41. Rf7+ Kg8 42. g6 Ra5 43. Ka1 c5 44. Rd7 Nxe3 45. Bf7+ Kf8
46. Bxa2 Nc2+ 47. Kb1 Rxa2 48. Kxa2 e3 49. g7+ Kg8 50. Re7 Nb4+ 51. Kb3 Nd5 52.
Re5 e2 53. Rxe2 Kxg7 54. Kc4 1-0

[Event "Pere Noel U1800"]
[Site "Montreal CAN"]
[Date "2016.12.28"]
[Round "3.16"]
[White "Hebert, Mario"]
[Black "Straehl, Patrick"]
[Result "1/2-1/2"]
[WhiteElo "1516"]
[BlackElo "1374"]
[PlyCount "172"]
[EventDate "2016.12.26"]
[EventType "swiss"]
[EventRounds "5"]
[EventCountry "CAN"]

1. c4 Nf6 2. Nf3 e6 3. d4 d5 4. Nc3 Be7 5. e3 O-O 6. Be2 Nc6 7. O-O Re8 8. a3
dxc4 9. Bxc4 a6 10. b4 b5 11. Be2 Bb7 12. Bb2 Qd7 13. Qc2 Nd5 14. Ne4 f5 15.
Nc5 Bxc5 16. Qxc5 Qd6 17. Rac1 Re7 18. Rc2 Nd8 19. Rfc1 Qxc5 20. Rxc5 Nf7 21.
Nd2 Nd6 22. Bf3 c6 23. Be2 Rf8 24. Bd3 g5 25. Nf3 Nf7 26. Nd2 g4 27. Nb3 Ng5
28. Na5 Ne4 29. Bxe4 fxe4 30. Nxb7 Ref7 31. R5c2 Rxb7 32. Rxc6 Rbf7 33. R6c2 h5
34. g3 Nb6 35. Kg2 Nc4 36. Kg1 h4 37. gxh4 Rh7 38. Rd1 Rxh4 39. d5 exd5 40.
Rxd5 Rf3 41. Rg5+ Kf7 42. Be5 Nxe5 43. Rxe5 Rfh3 44. Rxe4 Rxh2 45. Rf4+ Ke6 46.
Kf1 Rh1+ 47. Ke2 Rg1 48. Rc6+ Ke5 49. Rg6 Rg2 50. Rg5+ Ke6 51. Rg6+ Ke7 52. Kd3
Rg1 53. Ke4 Rg2 54. Kf5 Rh5+ 55. Rg5 Rh6 56. Rgxg4 Rf6+ 57. Ke4 Rxf4+ 58. Rxf4
Ke6 59. Rf5 Rg4+ 60. f4 Rg2 61. Re5+ Kf6 62. Kf3 Ra2 63. e4 Rxa3+ 64. Kg4 Rb3
65. Rc5 Rxb4 66. Rc6+ Ke7 67. Rxa6 Rxe4 68. Rb6 b4 69. Kg5 Kf7 70. f5 Ke7 71.
f6+ Kf7 72. Rb7+ Ke6 73. f7 Re5+ 74. Kg6 Rf5 75. Kg7 Rg5+ 76. Kf8 Rf5 77. Ke8
Rxf7 78. Rxf7 Kd5 79. Kd7 Kc4 80. Kc6 b3 81. Rf4+ Kc3 82. Kc5 b2 83. Rc4+ Kb3
84. Rb4+ Kc3 85. Rc4+ Kb3 86. Rb4+ Kc3 1/2-1/2

[Event "Pere Noel U1800"]
[Site "Montreal CAN"]
[Date "2016.12.28"]
[Round "3.17"]
[White "Labadie, Bernard"]
[Black "Bureau, Robert"]
[Result "0-1"]
[WhiteElo "1311"]
[BlackElo "1476"]
[PlyCount "48"]
[EventDate "2016.12.26"]
[EventType "swiss"]
[EventRounds "5"]
[EventCountry "CAN"]

1. e4 e5 2. Nf3 Nc6 3. Bc4 Nf6 4. Qe2 Be7 5. c3 d6 6. h3 O-O 7. O-O a6 8. a4
Be6 9. Bd3 Nh5 10. Bc2 Nf4 11. Qe3 Qd7 12. Kh1 Bxh3 13. Rg1 Bxg2+ 14. Rxg2 Qh3+
15. Rh2 Qf1+ 16. Ng1 Qxc1 17. Bb3 Qxb2 18. d3 Qxb3 19. Nd2 Qxc3 20. Qe1 Qxd3
21. Rb1 Nd4 22. Nf1 Nf3 23. Nxf3 Qxf3+ 24. Kg1 Ne2+ 0-1

[Event "Pere Noel U1800"]
[Site "Montreal CAN"]
[Date "2016.12.29"]
[Round "4.19"]
[White "Baran, Marius"]
[Black "Zheng, Richard"]
[Result "1/2-1/2"]
[WhiteElo "1721"]
[BlackElo "1758"]
[PlyCount "76"]
[EventDate "2016.12.26"]
[EventType "swiss"]
[EventRounds "5"]
[EventCountry "CAN"]

1. e4 e5 2. Nf3 Nc6 3. d4 exd4 4. Bc4 Nf6 5. e5 d5 6. Bb5 Ne4 7. Nxd4 Bd7 8.
Bxc6 bxc6 9. O-O Bc5 10. Be3 Qe7 11. f3 Nd6 12. Bf2 Nf5 13. c3 O-O 14. Re1 Nxd4
15. cxd4 Bb6 16. Nc3 Qb4 17. Na4 Rfe8 18. Rc1 Re6 19. a3 Qf8 20. b4 a5 21. Nc5
Bxc5 22. bxc5 Ree8 23. Rb1 Reb8 24. Qc2 Qc8 25. g4 Qa6 26. Rxb8+ Rxb8 27. Rb1
Rxb1+ 28. Qxb1 Qb5 29. Qxb5 cxb5 30. Be1 a4 31. h3 g6 32. Kf2 Kg7 33. Kg3 c6
34. f4 Be6 35. Bd2 Bd7 36. Bb4 Be6 37. Bd2 Bd7 38. Bb4 Be6 1/2-1/2

[Event "Pere Noel U1800"]
[Site "Montreal CAN"]
[Date "2016.12.29"]
[Round "4.20"]
[White "Hollander, Michael"]
[Black "Lepine, Yannick"]
[Result "1/2-1/2"]
[WhiteElo "1768"]
[BlackElo "1545"]
[PlyCount "100"]
[EventDate "2016.12.26"]
[EventType "swiss"]
[EventRounds "5"]
[EventCountry "CAN"]

1. e4 c5 2. Nc3 d6 3. f4 Nc6 4. Nf3 g6 5. Bc4 Bg7 6. O-O Be6 7. Bxe6 fxe6 8. d3
Nh6 9. Ng5 Qd7 10. Be3 Nd4 11. Kh1 O-O 12. Qd2 Ng4 13. Bxd4 cxd4 14. Nd1 Bh6
15. h3 Ne5 16. Nf2 Nc6 17. Ng4 Bg7 18. b4 a6 19. a3 h6 20. Nf3 Kh7 21. Rae1 h5
22. Ng5+ Kg8 23. Nh2 Bh6 24. Nhf3 Kg7 25. c3 e5 26. cxd4 Rxf4 27. d5 Nd4 28.
Nxd4 Rxf1+ 29. Rxf1 exd4 30. Ne6+ Qxe6 31. Qxh6+ Kxh6 32. dxe6 Rc8 33. Rf7 Rc7
34. h4 b5 35. Kh2 g5 36. Kg3 g4 37. Kf4 Kg6 38. Rf5 Rc1 39. Rg5+ Kh6 40. Rd5
Rf1+ 41. Kg3 Rf6 42. Rxd4 Rxe6 43. Rd5 Re5 44. Rxe5 dxe5 45. Kf2 Kg6 46. Ke3
Kf6 47. d4 Ke6 48. g3 Kd6 49. dxe5+ Kxe5 50. Kd3 Kd6 1/2-1/2

[Event "Pere Noel U1800"]
[Site "Montreal CAN"]
[Date "2016.12.29"]
[Round "4.21"]
[White "Kay, Sang Kil"]
[Black "Kozlov, Guennadi"]
[Result "0-1"]
[WhiteElo "1565"]
[BlackElo "1736"]
[PlyCount "142"]
[EventDate "2016.12.26"]
[EventType "swiss"]
[EventRounds "5"]
[EventCountry "CAN"]

1. d4 d5 2. Nf3 c6 3. Bf4 h6 4. e3 Bf5 5. c4 e6 6. Qb3 Qb6 7. c5 Qxb3 8. axb3
Nd7 9. Nc3 Ngf6 10. h3 Be7 11. b4 O-O 12. Nd2 b6 13. Ba6 bxc5 14. bxc5 e5 15.
dxe5 Nh5 16. Bb7 Nxf4 17. exf4 Rab8 18. Bxc6 Nxc5 19. Nxd5 Nd3+ 20. Ke2 Bc5 21.
g4 Bh7 22. Nc4 Nxf2 23. Rh2 Bd3+ 24. Kf3 Bxc4 25. b4 Bxd5+ 26. Bxd5 Rxb4 27. f5
Nd3 28. e6 fxe6 29. Bxe6+ Kh8 30. Rd2 Ne5+ 31. Kg3 Rd4 32. Rc2 Bb6 33. Rac1
Rd3+ 34. Kf4 Ng6+ 35. Ke4 Re3+ 36. Kd5 Nf4+ 37. Kd6 Rd8+ 38. Ke7 Nd5+ 39. Kf7
Nf6 40. Rc8 Red3 41. Rxd8+ Rxd8 42. g5 hxg5 43. Kg6 Be3 44. Rc4 a5 45. Rc7 Ne8
46. Rf7 Bc5 47. Kxg5 Kh7 48. Rb7 Be3+ 49. Kg4 Nf6+ 50. Kf3 Bd2 51. Rc7 Rd4 52.
Rc8 a4 53. Bf7 a3 54. Ke2 Bb4 55. Ke3 Rh4 56. Ke2 Kh6 57. Kf3 Kg5 58. Be6 Rxh3+
59. Kg2 Rc3 60. Ra8 Kg4 61. Ra7 Rc2+ 62. Kf1 Kf3 63. Rxa3+ Bxa3 64. Ke1 Ke3 65.
Kf1 Bb4 66. Bb3 Rb2 67. Ba4 Kf3 68. Bc6+ Ne4 69. Kg1 Bd6 70. Bxe4+ Kxe4 71. f6
Kf3 0-1

[Event "Pere Noel U1800"]
[Site "Montreal CAN"]
[Date "2016.12.29"]
[Round "4.22"]
[White "O'Connor, Michael"]
[Black "Yu, Xi Ming"]
[Result "1/2-1/2"]
[WhiteElo "1639"]
[BlackElo "1540"]
[PlyCount "133"]
[EventDate "2016.12.26"]
[EventType "swiss"]
[EventRounds "5"]
[EventCountry "CAN"]

1. d4 d5 2. Nf3 Nf6 3. c4 e6 4. Bg5 Nbd7 5. Nc3 c6 6. e3 Bb4 7. cxd5 exd5 8.
Qc2 h6 9. Bh4 O-O 10. Bd3 Re8 11. O-O Be7 12. Rfe1 Ne4 13. Bxe7 Qxe7 14. Nd2
Ndf6 15. f3 Ng5 16. Na4 Qc7 17. Rac1 b6 18. Bb5 Bd7 19. b4 Qd6 20. Bxc6 Bxc6
21. Qxc6 Qxb4 22. Qc2 Re6 23. Nf1 Rae8 24. Qb3 Qf8 25. Rc7 R6e7 26. Rec1 Ne6
27. R7c3 Rd8 28. Nb2 Rdd7 29. Nd3 Rc7 30. Ne5 Rxc3 31. Rxc3 Rc7 32. Rxc7 Nxc7
33. Ng3 b5 34. Ne2 Qe8 35. Nc3 a6 36. a4 Nd7 37. axb5 Nxe5 38. b6 Nxf3+ 39.
gxf3 Qxe3+ 40. Kg2 Qg5+ 41. Kf1 Qc1+ 42. Ke2 Ne6 43. Kf2 Qd2+ 44. Ne2 Nxd4 45.
Qe3 Qxe3+ 46. Kxe3 Nc6 47. Kd3 Kf8 48. Nc3 d4 49. Nd5 Ke8 50. Nc7+ Kd7 51. Nxa6
Kc8 52. Nc5 g5 53. Ke4 Kd8 54. Kd5 Nb8 55. Kxd4 Ke7 56. Ke5 h5 57. h3 f6+ 58.
Kd5 h4 59. Ne4 Nd7 60. Kc6 Nxb6 61. Kxb6 Ke6 62. Kc5 Kf5 63. Kd4 Kf4 64. Nxf6
Kxf3 65. Ne4 g4 66. hxg4 Kxg4 67. Ke3 1/2-1/2

[Event "Pere Noel U1800"]
[Site "Montreal CAN"]
[Date "2016.12.29"]
[Round "4.23"]
[White "Craciun, David"]
[Black "Guan, Zi Yu"]
[Result "1-0"]
[WhiteElo "1537"]
[BlackElo "1637"]
[PlyCount "85"]
[EventDate "2016.12.26"]
[EventType "swiss"]
[EventRounds "5"]
[EventCountry "CAN"]

1. d4 Nf6 2. e3 e6 3. Bd3 d5 4. f4 c5 5. c3 c4 6. Bc2 Nc6 7. Nf3 g6 8. O-O Bg7
9. Nbd2 Qc7 10. Ne5 O-O 11. Qf3 Nd7 12. e4 Ndxe5 13. fxe5 Ne7 14. b3 b5 15. Ba3
Bb7 16. Rae1 a5 17. Bd6 Qd7 18. Qg3 Rfe8 19. Rf2 cxb3 20. axb3 dxe4 21. Nxe4
Nf5 22. Qf4 Bxe4 23. Bxe4 Rac8 24. Bc5 Bf8 25. b4 axb4 26. cxb4 Bh6 27. Qf3 Bf8
28. Rd1 Qc7 29. Rc2 Bh6 30. Rd3 Red8 31. Ra3 Qd7 32. Ra7 Qe8 33. Bxf5 exf5 34.
Rca2 Bf8 35. h3 Bxc5 36. dxc5 Qxe5 37. Qb3 Qe6 38. Qxe6 fxe6 39. Rb7 Rb8 40. c6
Rbc8 41. Rc2 Rd6 42. c7 Rd7 43. Rb8 1-0

[Event "Pere Noel U1800"]
[Site "Montreal CAN"]
[Date "2016.12.29"]
[Round "4.24"]
[White "Tinica, Gabriel"]
[Black "Varfalvy, Peter"]
[Result "1-0"]
[WhiteElo "1606"]
[BlackElo "1409"]
[PlyCount "67"]
[EventDate "2016.12.26"]
[EventType "swiss"]
[EventRounds "5"]
[EventCountry "CAN"]

1. d4 Nf6 2. c4 c5 3. d5 b5 4. cxb5 a6 5. b6 Qxb6 6. Nc3 g6 7. a4 a5 8. e4 d6
9. Bc4 Bg7 10. Qd3 O-O 11. f4 Nfd7 12. Nf3 Na6 13. Nb5 Nb4 14. Qe2 Bb7 15. Be3
Rfc8 16. O-O Bd4 17. Nfxd4 cxd4 18. Bxd4 Qd8 19. Rad1 Ba6 20. b3 Nb6 21. Rfe1
Rxc4 22. bxc4 Nxa4 23. Ra1 Bxb5 24. cxb5 Nc5 25. Bxc5 dxc5 26. Qc4 Qc7 27. e5
Rd8 28. Red1 Kg7 29. Rac1 Rc8 30. d6 exd6 31. exd6 Qd7 32. Ra1 Qa7 33. Re1 Rd8
34. Re7 1-0

[Event "Pere Noel U1800"]
[Site "Montreal CAN"]
[Date "2016.12.29"]
[Round "4.25"]
[White "Yergeau, Simon"]
[Black "Sonn, Eric"]
[Result "1/2-1/2"]
[WhiteElo "1601"]
[BlackElo "1536"]
[PlyCount "96"]
[EventDate "2016.12.26"]
[EventType "swiss"]
[EventRounds "5"]
[EventCountry "CAN"]

1. e4 c5 2. Nf3 e6 3. d4 cxd4 4. Nxd4 a6 5. Nc3 Qc7 6. Be2 Nf6 7. O-O Nc6 8.
Nb3 b5 9. a3 Bb7 10. Be3 Be7 11. f3 O-O 12. Kh1 Rad8 13. Nc5 d5 14. exd5 Nxd5
15. Qc1 Nxe3 16. Qxe3 Qb6 17. b4 Bf6 18. Rad1 Bd4 19. Rxd4 Nxd4 20. Bd3 Bc8 21.
N3e4 f5 22. Ng5 h6 23. Nh3 Qd6 24. Re1 Rde8 25. f4 Nc6 26. c4 Qd4 27. cxb5 axb5
28. Bxb5 Qd6 29. Nf2 Rd8 30. Nfd3 Nd4 31. Ba4 Rf7 32. Ne5 Ra7 33. Rc1 Qb6 34.
Nc4 Qb8 35. Rd1 Rd5 36. Rxd4 Rxc5 37. Rd8+ Kh7 38. Qxc5 Qxf4 39. Qxa7 Qf1+ 40.
Qg1 Qxc4 41. h3 Bb7 42. Rd7 Bd5 43. Qa1 Bxg2+ 44. Kxg2 Qe2+ 45. Kg1 Qe3+ 46.
Kf1 Qf3+ 47. Kg1 Qe3+ 48. Kg2 Qe2+ 1/2-1/2

[Event "Pere Noel U1800"]
[Site "Montreal CAN"]
[Date "2016.12.29"]
[Round "4.26"]
[White "Charette, Nicolas"]
[Black "Raduica, Gheorghe"]
[Result "1-0"]
[WhiteElo "1591"]
[BlackElo "1509"]
[PlyCount "127"]
[EventDate "2016.12.26"]
[EventType "swiss"]
[EventRounds "5"]
[EventCountry "CAN"]

1. e4 d6 2. d4 Nf6 3. Nc3 Nbd7 4. Nf3 h6 5. Bc4 c6 6. Bf4 Nb6 7. Bb3 e6 8. h3
a5 9. a4 Nh5 10. Bh2 Nf6 11. O-O Be7 12. Qe2 d5 13. e5 Nh7 14. Nd2 O-O 15. Nd1
f5 16. f4 c5 17. c3 c4 18. Bc2 Qe8 19. b3 cxb3 20. Bxb3 Bd7 21. Nb2 Rc8 22. c4
Bc6 23. c5 Nd7 24. Rfc1 g5 25. Bd1 Qg6 26. Nb3 Bd8 27. Nd3 Nb8 28. Qd2 b6 29.
cxb6 Bxb6 30. Ndc5 g4 31. Rc3 h5 32. hxg4 hxg4 33. Rd3 Nd7 34. Nxd7 Bxd7 35.
Nxa5 Rc7 36. Nb3 Rfc8 37. a5 Ba7 38. Rc1 Rxc1 39. Nxc1 Qe8 40. Rc3 Rxc3 41.
Qxc3 Qc8 42. Qxc8+ Bxc8 43. Nb3 Ba6 44. Bg3 Nf8 45. Nc5 Bxc5 46. dxc5 Kf7 47.
Ba4 d4 48. Kf2 Ng6 49. Bd7 Nf8 50. Ba4 Ng6 51. Ke1 Ne7 52. Bf2 d3 53. Kd2 Nd5
54. g3 Ke7 55. c6 Kd8 56. Bb6+ Kc8 57. Bb3 Bb5 58. c7 Ba6 59. Bxd5 exd5 60. e6
Bb5 61. e7 Be8 62. Kxd3 Bc6 63. a6 Kd7 64. a7 1-0

[Event "Pere Noel U1800"]
[Site "Montreal CAN"]
[Date "2016.12.29"]
[Round "4.27"]
[White "Milosz, Jerzy"]
[Black "Villeneuve, Benoit"]
[Result "0-1"]
[WhiteElo "1529"]
[BlackElo "1791"]
[PlyCount "98"]
[EventDate "2016.12.26"]
[EventType "swiss"]
[EventRounds "5"]
[EventCountry "CAN"]

1. e4 c5 2. Nf3 d6 3. d4 cxd4 4. Nxd4 Nf6 5. Nc3 a6 6. Be2 e5 7. Nb3 Be6 8. Be3
Be7 9. O-O O-O 10. f3 Nbd7 11. Nd5 Rc8 12. Rc1 Bxd5 13. exd5 b5 14. c4 bxc4 15.
Rxc4 Rxc4 16. Bxc4 Nb6 17. Bxb6 Qxb6+ 18. Kh1 Rc8 19. Qe2 a5 20. Nc1 Qd4 21. b3
Nxd5 22. Rd1 Nc3 23. Rxd4 Nxe2 24. Nxe2 exd4 25. g3 Bf6 26. a4 d5 27. Bd3 Kf8
28. Kg2 Ke7 29. Kf2 Kd6 30. Ke1 Kc5 31. Ba6 Rb8 32. Bb5 Kb4 33. Nc1 Kc3 34. Kd1
Rc8 35. Bd7 Rc7 36. Bb5 Kb2 37. Nd3+ Kxb3 38. Nf4 Rc5 39. Nd3 Rc3 40. Nc1+ Kb2
41. Nd3+ Kb1 42. h3 h5 43. g4 hxg4 44. hxg4 g5 45. Ne1 Re3 46. Be2 Kb2 47. Bd3
Kc3 48. Bb5 d3 49. Ba6 d2 0-1

[Event "Pere Noel U1800"]
[Site "Montreal CAN"]
[Date "2016.12.29"]
[Round "4.28"]
[White "Legault, Simon"]
[Black "Richard, Leo"]
[Result "0-1"]
[WhiteElo "1387"]
[BlackElo "1582"]
[PlyCount "108"]
[EventDate "2016.12.26"]
[EventType "swiss"]
[EventRounds "5"]
[EventCountry "CAN"]

1. e4 e6 2. d3 d5 3. Nd2 c5 4. c3 Nc6 5. Ngf3 Nf6 6. e5 Nd7 7. d4 Qb6 8. Nb3
cxd4 9. cxd4 Bb4+ 10. Bd2 f6 11. Bd3 O-O 12. exf6 Nxf6 13. O-O a5 14. a4 Bxd2
15. Nfxd2 Nxd4 16. Ra3 Nc6 17. Nf3 e5 18. Be2 e4 19. Nfd4 Ne5 20. Qd2 Bg4 21.
Bxg4 Nfxg4 22. h3 Nh6 23. Qg5 Qf6 24. Qxf6 Rxf6 25. Rc1 Nc4 26. Ra2 Raf8 27. f3
exf3 28. Nxf3 Rg6 29. Nbd4 Rb6 30. b3 Nd6 31. Ne5 Re8 32. Nd7 Rb4 33. Rd2 Rd8
34. Ne5 Ndf5 35. Nb5 Rxb3 36. Rdc2 Re3 37. Rc8 Nf7 38. Nxf7 Rxc8 39. Rxc8+ Kxf7
40. Rc7+ Re7 41. Rc5 Ke6 42. Nc3 d4 43. Ne2 Kd6 44. Rxf5 Rxe2 45. Rf8 Kd5 46.
Kf1 Re6 47. Rd8+ Kc4 48. Rd7 d3 49. Rc7+ Rc6 50. Rd7 Kc3 51. Ke1 Kc2 52. Kf2 d2
53. Ke2 d1=Q+ 54. Rxd1 Re6+ 0-1

[Event "Pere Noel U1800"]
[Site "Montreal CAN"]
[Date "2016.12.29"]
[Round "4.29"]
[White "Liu, Kevin"]
[Black "Forest, Jimmy"]
[Result "0-1"]
[WhiteElo "1373"]
[BlackElo "1529"]
[PlyCount "68"]
[EventDate "2016.12.26"]
[EventType "swiss"]
[EventRounds "5"]
[EventCountry "CAN"]

1. e4 Nc6 2. d4 e5 3. Nf3 exd4 4. Nxd4 Qh4 5. Nc3 Bb4 6. Nxc6 Qxe4+ 7. Be3 Qxc6
8. Bd2 Ne7 9. Qf3 Qxf3 10. gxf3 a6 11. O-O-O d6 12. Re1 Be6 13. Rg1 Rg8 14. Bg5
h6 15. Bxe7 Bxc3 16. bxc3 Kxe7 17. Bc4 Kd7 18. Bxe6+ fxe6 19. Rg6 Raf8 20. Rg3
Rf7 21. Kd2 Rgf8 22. Ke3 Kc6 23. Rb1 e5 24. Rb4 Rf4 25. Re4 Kb5 26. Ke2 Rxe4+
27. fxe4 Rf7 28. a3 g5 29. h3 Rf4 30. Re3 Kc4 31. Kf1 h5 32. f3 g4 33. hxg4
hxg4 34. Ke2 Rxf3 0-1